Culture Générale - Série 790 - Statistiques

Statistiques générales
  • Ce quiz a été pris 141 fois
  • Le résultat moyen est 6 sur 10
Statistiques - réponses
Question Réponse % Correct
Quel sport pratique Rocky Balboa, alias Sylvester Stallone ? boxe
99%
Selon l'expression familière, en quelle matière est un chèque sans provision ? bois
92%
Quel animal est sculpté sur la plus haute récompense décernée au Festival international du film de Berlin ? ours
85%
En référence au métissage des joueurs de l'équipe de France de football, on parlait, en 1998, d'une France : "blackblanc-... beur
84%
Au sud-ouest de quelle île française se situe l'archipel des Sanguinaires ? Corse
68%
Selon un récit biblique, il vendit son droit d'aînesse pour un plat de lentilles Esaü
37%
Quelle série télévisée des années 1980 racontait l'histoire de la riche et puissante famille Carrington ? Dynastie
32%
Quel synonyme de l'adjectif "avide" désigne également un petit pâté de pâte feuilletée fourré de chair à saucisse ? friand
31%
Quel écrivain a écrit "Les Voyages de Gulliver", oeuvre publiée en 1726 ? Jonathan Swift
24%
En Afrique du Nord, comment appelle-t-on un notable qui cumulait autrefois des fonctions administratives, judiciaires, financières et parfois de chef de tribu ? caïd
11%
Aucun quiz correspondant
Distribution des résultats
% des personnes avec chaque résultat
Percentile par nombre de réponses
Votre historique - résultats
Vous n’avez pas pris ce quiz